000
00286nam a22001337a 4500
008
250823b |||||||| |||| 00| 0 eng d
020
_a
9789384266257
040
_a
02
100
_a
LAKSHMI,P.K.
245
_a
COMMUNITY
260
_a
DELHI
_b
BIRLA
_c
2025
300
_a
274
942
_c
01
999
_c
65970
_d
65970